Animal Experiments: A Responsibility to Speak Out and to Share (notice n° 1671880)

détails MARC
000 -LEADER
fixed length control field 01610cam a2200169 4500500
005 - DATE AND TIME OF LATEST TRANSACTION
control field 20260301000535.0
041 ## - LANGUAGE CODE
Language code of text/sound track or separate title fre
042 ## - AUTHENTICATION CODE
Authentication code dc
100 10 - MAIN ENTRY--PERSONAL NAME
Personal name Lhoste, Évelyne Françoise
Relator term author
245 00 - TITLE STATEMENT
Title Animal Experiments: A Responsibility to Speak Out and to Share
260 ## - PUBLICATION, DISTRIBUTION, ETC.
Date of publication, distribution, etc. 2011.<br/>
500 ## - GENERAL NOTE
General note 24
520 ## - SUMMARY, ETC.
Summary, etc. The Primequal research program, aimed at studying air quality at the local scale, was initiated in 1995 by the Ministry in charge of the Environment and by ADEME (French Environment and Energy Management Agency). Designed as a multidisciplinary program, it centered chiefly on the physico-chemical and sanitary aspects of air pollution. Human and social sciences, though regularly invited to participate in the program, have remained little involved. To overcome this problem, a special call for research wholly dedicated to the field was set up in 2004. Eight projects, whose results are briefly summarized and discussed in this paper, were funded. For the authors, one of the main findings of this research is the remaining gap, due to poor governance, between the institutional approach to air quality based on monitoring and administrative overseeing and the population’s lack of grasp and involvement regarding an issue to which they are, however, highly sensitive and whose sanitary implications they are strongly aware of.
700 10 - ADDED ENTRY--PERSONAL NAME
Personal name de Montera, Béatrice
Relator term author
786 0# - DATA SOURCE ENTRY
Note Natures Sciences Sociétés | 19 | 2 | 2011-06-01 | p. 165-172 | 1240-1307
856 41 - ELECTRONIC LOCATION AND ACCESS
Uniform Resource Identifier <a href="https://stm.cairn.info/journal-natures-sciences-societes-2011-2-page-165?lang=en&redirect-ssocas=7080">https://stm.cairn.info/journal-natures-sciences-societes-2011-2-page-165?lang=en&redirect-ssocas=7080</a>

Pas d'exemplaire disponible.

PLUDOC

PLUDOC est la plateforme unique et centralisée de gestion des bibliothèques physiques et numériques de Guinée administré par le CEDUST. Elle est la plus grande base de données de ressources documentaires pour les Étudiants, Enseignants chercheurs et Chercheurs de Guinée.

Adresse

627 919 101/664 919 101

25 boulevard du commerce
Kaloum, Conakry, Guinée

Réseaux sociaux

Powered by Netsen Group @ 2025